1827 1052 1827 1593 1869 1308 1183 1896 1211 1583 1939 1394 1065 1127 1822 1084 1876 1308 1885 1028 1089 1092 1655 1930 1277 1491 1667 1505 1650 1998 1962 1120 1219 1539 1330 1858 1904 1691 1939 1424 1134 1431 1800 1534 1569 1922 1613 1367 1471 1938 1473 1220 1746 1936 1533 1900 1274 1468 1267 1524 1533 1365 1488 1979 1638 1761 1712 1488 1894 1142 1783 1093 1372 1131 1563 1475 1100 1241 1572 1548 1137 1321 1290 1307 1232 1610 1491 1073 1265 1503 1859 1924 1818 1547 1386 1599 1403 1372 1729 BCNSPRNW ULIB Ver.6.0+V

เปลี่ยนเป็นภาษาไทย

Change to English
 แสดงรายละเอียดบรรณานุกรม
  กลับหน้าหลัก

Brief Record : Get Marc (ISO 2709) : E-mail record : QR code < ปิดหน้าต่าง
LEADER : 00000nam 2200000uu 4500
001    13399120284
003     ULIB
008    120918s2553||||th 000 0 tha d
020    ^a9742940738
020    ^a9789742940737
060 04 ^aWY159^bก496 2553
245 00 ^aการพยาบาลเด็ก เล่ม 3 /^cพรทิพย์ ศิริบูรณ์พิพัฒนา,บรรณาธิการ
250    ^aพิมพ์ครั้งที่ 6
260    ^aนนทบุรี :^bโครงการสวัสดิการวิชาการ สถาบันพระบรมราชชนกกระทรวงสาธารณสุข,^c2553
300    ^a 274 หน้า :^bภาพประกอบ ;^c26 ซม.
650  7 ^aการพยาบาลกุมารเวชศาสตร์
700 0  ^aพรทิพย์ ศิริบูรณ์พิพัฒนา,^eบรรณาธิการ
710 2  ^aกระทรวงสาธารณสุข
710 2  ^aสถาบันพระบรมราชชนก. ^bโครงการสวัสดิการวิชาการ
945    ^p150^l0^i16904
945    ^p150^l0^i16903
995    ^aวิภา
999 ^a ใช้งานได้ทุกระบบ
รายการนี้ยังไม่มีแท็ก
คุณยังไม่ได้ล็อกอิน คุณสามารถมีกิจกรรมร่วมกับเว็บไซต์ได้ แต่ต้องล็อกอินก่อน ::
  ล็อกอิน

รายการสื่อสารสนเทศ

ลำดับที่ ประเภท เลขเรียก/บาร์โค้ด สถานที่ สถานะ
1. วิทยาศาสตร์การแพทย์ และสุขภาพ
วิทยาศาสตร์การแพทย์ และสุขภาพ
WY159 ก496 2553  
  Barcode: 16904
ห้องสมุดวิทยาเขตนครสวรรค์
►ส่วนจัดเก็บหนังสือเก่า นว.
บนชั้น
  ขอยืม
2. วิทยาศาสตร์การแพทย์ และสุขภาพ
วิทยาศาสตร์การแพทย์ และสุขภาพ
WY159 ก496 2553 ฉ.2 
  Barcode: 16903
ห้องสมุดวิทยาเขตนครสวรรค์
►ส่วนจัดเก็บหนังสือเก่า นว.
บนชั้น
  ขอยืม

รายการใกล้เคียง
    หัวเรื่อง [การพยาบาลกุมารเวชศาสตร์]

BibComment


ยังไม่เคยถูกคอมเมนท์

คอมเมนท์ทรัพยากรรายการนี้
  คอมเมนท์: การพยาบาลเด็ก เล..


 Copyright 2026. Bcnsprnw @Library